000 00833nam a22001937a 4500
005 20240926105952.0
010 _aHIN-128479
020 _a9789393166296
_c599.00
035 _aHN-100825
037 _bDBAD
082 _a821.08
100 _aपाटेल मदन लाल
_971987
245 _aहिंदी की मौजूदा विधाए/
_cमदन लाल शर्मा
250 _aप्रथम
260 _aउत्तर प्रदेश
_bसोशल रिसर्च फाउंडेशन प्रकाशन
_c208011
270 _a128/170, एच-ब्लॉक, किदवाई नगर ,
_bकानपुर
_e208011
_k9335332333, 9839074762
300 _a144 पृ.
_c22 सेमी (सजिल्द)
942 _2ddc
_cHN
_h821.08
_mपाटेल
999 _c205915
_d205915